Statistics for "United State of Pop" 2015 Songs

Click here to take the quiz!

General Stats

  • This quiz has been taken 4 times
  • The average score is 25 of 50

Answer Stats

Artist/BandSong% Correct
AdeleHello
100%
Ed SheeranPhotograph
100%
Wiz Khalifa (feat. Charlie Puth)See You Again
100%
Walk the MoonShut Up and Dance
100%
The WeekndCan't Feel My Face
75%
Fall Out BoyCenturies
75%
OMICheerleader (Felix Jaehn Remix)
75%
Major Lazer (feat. DJ Snake & MO)Lean On
75%
Justin BieberSorry
75%
Shawn MendesStitches
75%
The WeekndThe Hills
75%
Ed SheeranThinking Out Loud
75%
Mark Ronson (feat. Bruno Mars)Uptown Funk
75%
Justin BieberWhat Do You Mean
75%
Taylor SwiftBlank Space
50%
Demi LovatoCool For the Summer
50%
Rachel PlattenFight Song
50%
Rihanna (feat. Kanye West & Paul McCartney)FourFiveSeconds
50%
David Guetta (feat. Afrojack, Bebe Rexha & Nicki Minaj)Hey Mama
50%
Andy GrammerHoney, I'm Good
50%
DrakeHotline Bling
50%
Sam SmithI'm Not the Only One
50%
Nick JonasJealous
50%
Meghan Trainor (feat. John Legend)Like I'm Gonna Lose You
50%
Meghan TrainorLips Are Movin'
50%
R. City (feat. Adam Levine)Locked Away
50%
Ariana Grande (feat. The Weeknd)Love Me Harder
50%
Ellie GouldingLove Me Like You Do
50%
Fetty WapTrap Queen
50%
SilentóWatch Me
50%
Taylor SwiftWildest Dreams
50%
Fifth Harmony (feat. Kid Ink)Worth It
50%
Fetty Wap (feat. Remy Boyz)679
25%
Taylor SwiftBad Blood
25%
RihannaBitch Better Have My Money
25%
One DirectionDrag Me Down
25%
Florida (feat. Sage the Gemini)GDFR
25%
Selena Gomez (feat. A$AP Rocky)Good For You
25%
Big Sean (feat. E-40)I Don't Fuck With You
25%
Omarion (feat. Chris Brown & Jhene Aiko)Post To Be
25%
Natalie La Rose (feat. Jeremih)Somebody
25%
Taylor SwiftStyle
25%
Maroon 5Sugar
25%
Tove LoTalking Body
25%
Nicki Minaj (feat. Drake & Lil' Wayne)Truffle Butter
25%
Jason DerüloWant To Want Me
25%
Skrillex & Diplo (feat. Justin Bieber)Where Are U Now
25%
AlunaGeorge (feat. DJ Snake)You Know You Like It
25%
The WeekndFarned It
0%
Pitbull (feat. Ne-Yo)Time Of Out Lives
0%

Score Distribution

Percentile by Number Answered

Percent of People with Each Score

Your Score History

You have not taken this quiz